KOHA-Header-6

Readings In Strategy And Strategic Planning (Record no. 8305)

000 -LEADER
fixed length control field 00278nam a2200109Ia 4500
100 ## - MAIN ENTRY--AUTHOR NAME
Personal name Harry Costin
245 #0 - TITLE STATEMENT
Title Readings In Strategy And Strategic Planning
260 ## - PUBLICATION, DISTRIBUTION, ETC. (IMPRINT)
Place of publication India
Name of publisher Prentice Hall
Year of publication 1996
300 ## - PHYSICAL DESCRIPTION
Number of Pages 821
942 ## - ADDED ENTRY ELEMENTS (KOHA)
Koha item type Books
Holdings
Withdrawn status Lost status Collection code Permanent Location Current Location Shelving location Date acquired Full call number Accession Number Koha item type
    Management MAJU MAJU   2019-09-13 658.2 2933 Management

Powered by Koha